BOF 個人戦スコア部門優勝曲 - Statistics

General Stats
  • This quiz has been taken 18 times
    4 since last reset
  • The average score is 14 of 21
Answer Stats
開催年 Answer アーティスト % Correct
2013 B.B.K.K.B.K.K. nora2r
100%
2018 Destr0yer 削除 feat. Nikki Simmons
100%
2020 NightTheater わかどり
100%
2021 Random Sobrem × Silentroom
100%
2016 Aleph-0 LeaF
75%
2014 Altale 削除
75%
2011 conflict siromaru+cranky
75%
2015 DataErr0r Lunatic Sounds
75%
2008 Lapis SHIKI
75%
2022 New York Back Raise saaa + kei_iwata + stuv + わかどり
75%
2017 Nhelv Silentroom
75%
2005 海神寓拝 sasakure.UK
50%
2019 花たちに希望を Sound piercer feat.DAZBEE
50%
2023 《Ж》 LYRi "Cyanblue" WHiTE × NIKANON
50%
2024 ニルヴの心臓 TJ.hangneil+Atomic Sphere feat.Annabel
50%
2025 燐寸と緞帳 Juka_Box feat. 綜花
50%
2012 Äventyr Grand Thaw
50%
2009 DRAGONLADY Nankumo
50%
2010 Halcyon xi
50%
2006 路上のギリジン-Shou+rt Mix- tarolabo feat.小宮真央
50%
2004 7つの鍵盤のためのソナタ -嬰ニ短調- AKITO
25%
No matching quizzes found
Score Distribution
Percent of People with Each Score
Percentile by Number Answered
Your Score History
You have not taken this quiz since the last reset